000 00805cab a2200217 4500
001 WB3225-03
008 090401t1996 xxu||||| |||| 00| 0 eng d
035 _a(Sirsi) u39918
041 _aeng
245 _aLast chance for Latham Bill
260 _c1996
350 _a0
490 _aConstruction News
_v(6471) 27 June 1996, 1&40(1)
520 _aConstruction minister argues that unless amendments to the Construction Bill are agreed the Bill will not attract the support needed to be passed.
650 _aMANAGEMENT-DISPUTE AVOIDANCE, MANAGEMENT AND RESOLUTION-DISPUTE MANAGEMENT AND RESOLUTION-ALTERNATIVE DISPUTE RESOLUTION-ADJUDICATION
650 _aCONSTRUCTION BILL
650 _aLATHAM REFORMS
690 _aBUILDING AND CONSTRUCTION-REGULATIONS
942 _n0
948 _c04/03/1997
999 _c25553
_d25553